00553nam a2200133 a 450000100100000000500170001000800410002704000250006824500430009324600940013626000310023030000560026171001020031700003671920200930075908.0120126s1971 mx ac 000 0 spa d aDO-SdBNPbspacBNPHU00aprogramas de alfabetizacion funcional.10aLa alfabetización funcional:bun método de formación para el desarrollo económico aMéxico :bUNESCO,c1971. av. con varias paginaciones :bil., retrs. ;c29 cm.2 aSeminario operacional Latinoamericano de alfabetización funcional (del 3 al 26 de mayo de 1971)